[Event "Russian Blitz Team Championship (w)"]
[Site "Sochi"]
[Date "2022.10.17"]
[Round "2.3"]
[White "Getman, Tatyana"]
[Black "Charochkina, Daria"]
[Result "0-1"]
[BlackElo "2282"]
[WhiteElo "2019"]
[LiveChessVersion "1.4.8"]

1. d4 {[%clk 0:03:03]} Nf6 {[%clk 0:03:03]} 2. c4 {[%clk 0:03:04]} Nc6
{[%clk 0:03:04]} 3. Nf3 {[%clk 0:02:59]} e6 {[%clk 0:03:05]} 4. Nc3
{[%clk 0:02:58]} Bb4 {[%clk 0:03:02]} 5. Qc2 {[%clk 0:02:57]} O-O
{[%clk 0:03:02]} 6. e3 {[%clk 0:02:52]} d6 {[%clk 0:02:57]} 7. a3
{[%clk 0:02:50]} Bxc3+ {[%clk 0:02:57]} 8. Qxc3 {[%clk 0:02:51]} Re8
{[%clk 0:02:58]} 9. Be2 {[%clk 0:02:35]} e5 {[%clk 0:02:50]} 10. d5
{[%clk 0:02:16]} Nb8 {[%clk 0:02:51]} 11. O-O {[%clk 0:02:12]} a5
{[%clk 0:02:51]} 12. b3 {[%clk 0:02:10]} Nbd7 {[%clk 0:02:47]} 13. Bb2
{[%clk 0:02:08]} Nc5 {[%clk 0:02:48]} 14. Qc2 {[%clk 0:02:05]} Bd7
{[%clk 0:02:38]} 15. b4 {[%clk 0:01:58]} Na4 {[%clk 0:02:29]} 16. Rac1
{[%clk 0:01:57]} b5 {[%clk 0:02:12]} 17. cxb5 {[%clk 0:01:26]} Nxb2
{[%clk 0:02:12]} 18. Qxb2 {[%clk 0:01:26]} Nxd5 {[%clk 0:02:12]} 19. Rfd1
{[%clk 0:01:21]} Nb6 {[%clk 0:01:54]} 20. bxa5 {[%clk 0:01:22]} Rxa5
{[%clk 0:01:55]} 21. Qc3 {[%clk 0:01:23]} Ra7 {[%clk 0:01:56]} 22. Nd2
{[%clk 0:01:16]} Qa8 {[%clk 0:01:54]} 23. Bf3 {[%clk 0:01:06]} e4
{[%clk 0:01:48]} 24. Be2 {[%clk 0:01:04]} Na4 {[%clk 0:01:42]} 25. Qd4
{[%clk 0:01:02]} Nc5 {[%clk 0:01:43]} 26. b6 {[%clk 0:00:51]} cxb6
{[%clk 0:01:22]} 27. Qxd6 {[%clk 0:00:51]} Re6 {[%clk 0:01:23]} 28. Qd4
{[%clk 0:00:44]} Ba4 {[%clk 0:01:07]} 29. Re1 {[%clk 0:00:33]} Rd7
{[%clk 0:01:07]} 30. Qb2 {[%clk 0:00:31]} Nd3 {[%clk 0:01:07]} 31. Bxd3
{[%clk 0:00:31]} exd3 {[%clk 0:01:08]} 32. Rc3 {[%clk 0:00:29]} h5
{[%clk 0:01:02]} 33. Rec1 {[%clk 0:00:28]} Bc2 {[%clk 0:01:03]} 34. Rc4
{[%clk 0:00:23]} Rg6 {[%clk 0:01:03]} 35. f3 {[%clk 0:00:23]} Qe8
{[%clk 0:01:02]} 36. Re4 {[%clk 0:00:23]} Re7 {[%clk 0:00:58]} 37. Qb4
{[%clk 0:00:12]} Rxe4 {[%clk 0:00:55]} 38. Nxe4 {[%clk 0:00:13]} h4
{[%clk 0:00:54]} 39. h3 {[%clk 0:00:08]} Qb8 {[%clk 0:00:52]} 40. Qd2
{[%clk 0:00:06]} Qe5 {[%clk 0:00:50]} 41. Qf2 {[%clk 0:00:05]} Qb2
{[%clk 0:00:51]} 42. Qd2 {[%clk 0:00:06]} Re6 {[%clk 0:00:48]} 43. Nf2
{[%clk 0:00:06]} Qxa3 {[%clk 0:00:48]} 44. Ne4 {[%clk 0:00:03]} b5
{[%clk 0:00:48]} 45. Ng5 {[%clk 0:00:03]} Re8 {[%clk 0:00:46]} 46. Qe1
{[%clk 0:00:04]} Qe7 {[%clk 0:00:46]} 47. Qxh4 Qxe3+ {[%clk 0:00:47]} 48. Kh2
{[%clk 0:00:05]} Qxc1 {[%clk 0:00:43]} 49. Qh7+ {[%clk 0:00:05]} Kf8
{[%clk 0:00:45]} 50. Qf5 {[%clk 0:00:04]} Bb3 {[%clk 0:00:42]} 51. Nh7+
{[%clk 0:00:03]} Kg8 {[%clk 0:00:42]} 52. Nf6+ {[%clk 0:00:03]} gxf6
{[%clk 0:00:43]} 53. Qg4+ {[%clk 0:00:04]} Qg5 {[%clk 0:00:44]} 0-1

[Event "Russian Blitz Team Championship (w)"]
[Site "Sochi"]
[Date "2022.10.17"]
[Round "2.4"]
[White "Solozhenkina, Elizaveta"]
[Black "Yurasova, Daria"]
[Result "1-0"]
[BlackElo "2044"]
[WhiteElo "2218"]
[LiveChessVersion "1.4.8"]

1. Nf3 {[%clk 0:03:03]} Nf6 {[%clk 0:03:03]} 2. g3 {[%clk 0:03:05]} b6
{[%clk 0:03:04]} 3. Bg2 {[%clk 0:03:06]} Bb7 {[%clk 0:03:05]} 4. O-O
{[%clk 0:03:06]} e6 {[%clk 0:03:06]} 5. d3 {[%clk 0:03:07]} Be7 {[%clk 0:03:06]}
6. Nbd2 {[%clk 0:03:08]} d6 {[%clk 0:03:07]} 7. e4 {[%clk 0:03:09]} c5
{[%clk 0:03:07]} 8. b3 {[%clk 0:03:08]} Nbd7 {[%clk 0:03:08]} 9. Bb2
{[%clk 0:03:08]} O-O {[%clk 0:03:08]} 10. Qe2 {[%clk 0:03:06]} Qc7
{[%clk 0:03:09]} 11. h3 {[%clk 0:03:05]} Rfe8 {[%clk 0:03:06]} 12. Rfe1
{[%clk 0:03:04]} h6 {[%clk 0:03:01]} 13. Rad1 {[%clk 0:02:53]} a6
{[%clk 0:03:01]} 14. Nf1 {[%clk 0:02:40]} b5 {[%clk 0:02:57]} 15. Ne3
{[%clk 0:02:29]} Rac8 {[%clk 0:02:57]} 16. c4 {[%clk 0:02:16]} Nf8
{[%clk 0:02:44]} 17. Ng4 {[%clk 0:02:14]} Nxg4 {[%clk 0:02:39]} 18. hxg4
{[%clk 0:02:15]} d5 {[%clk 0:02:28]} 19. exd5 {[%clk 0:01:41]} exd5
{[%clk 0:02:22]} 20. Qe5 {[%clk 0:01:35]} Qxe5 {[%clk 0:02:22]} 21. Bxe5
{[%clk 0:01:29]} d4 {[%clk 0:01:57]} 22. Bf4 {[%clk 0:00:59]} Ba8
{[%clk 0:01:41]} 23. g5 {[%clk 0:00:38]} hxg5 {[%clk 0:01:20]} 24. Nxg5
{[%clk 0:00:38]} Bxg2 25. Kxg2 {[%clk 0:00:39]} Bxg5 {[%clk 0:01:17]} 26. Bxg5
{[%clk 0:00:39]} Ne6 {[%clk 0:01:18]} 27. Bd2 {[%clk 0:00:34]} Rb8
{[%clk 0:01:16]} 28. Rb1 {[%clk 0:00:32]} b4 {[%clk 0:00:52]} 29. f4
{[%clk 0:00:30]} g6 {[%clk 0:00:53]} 30. Kf3 {[%clk 0:00:31]} a5 {[%clk 0:00:53]}
31. g4 {[%clk 0:00:31]} Ng7 {[%clk 0:00:36]} 32. Rxe8+ {[%clk 0:00:24]} Rxe8
{[%clk 0:00:11]} 33. Re1 {[%clk 0:00:25]} Rc8 {[%clk 0:00:09]} 34. Re7
{[%clk 0:00:24]} f5 {[%clk 0:00:06]} 35. Ra7 {[%clk 0:00:17]} fxg4+ 36. Kxg4
{[%clk 0:00:18]} Nf5 {[%clk 0:00:05]} 37. Kg5 {[%clk 0:00:19]} Ne3
{[%clk 0:00:04]} 38. Kxg6 {[%clk 0:00:15]} Nf1 {[%clk 0:00:04]} 39. Be1
{[%clk 0:00:14]} Ne3 {[%clk 0:00:03]} 40. Bh4 {[%clk 0:00:13]} Ng2 1-0

[Event "Russian Blitz Team Championship (w)"]
[Site "Sochi"]
[Date "2022.10.17"]
[Round "2.5"]
[White "Pogonina, Natalija"]
[Black "Maletina, Tatiana"]
[Result "1-0"]
[BlackElo "2184"]
[WhiteElo "2332"]
[LiveChessVersion "1.4.8"]

1. d4 {[%clk 0:03:02]} e6 {[%clk 0:03:02]} 2. g3 {[%clk 0:03:01]} f5
{[%clk 0:03:03]} 3. Bg2 {[%clk 0:03:00]} Nf6 {[%clk 0:03:04]} 4. Nf3
{[%clk 0:02:54]} d5 {[%clk 0:03:05]} 5. Bf4 {[%clk 0:02:51]} Bd6 {[%clk 0:03:06]}
6. Bxd6 {[%clk 0:02:48]} cxd6 {[%clk 0:03:05]} 7. O-O {[%clk 0:02:46]} O-O
{[%clk 0:03:05]} 8. Nbd2 {[%clk 0:02:38]} Nc6 {[%clk 0:03:02]} 9. c4
{[%clk 0:02:37]} Kh8 {[%clk 0:02:41]} 10. cxd5 {[%clk 0:02:34]} Nxd5
{[%clk 0:02:41]} 11. e4 {[%clk 0:02:28]} fxe4 {[%clk 0:02:40]} 12. Nxe4
{[%clk 0:02:28]} Nce7 {[%clk 0:01:54]} 13. Qb3 {[%clk 0:02:21]} Nf6
{[%clk 0:01:47]} 14. Nc3 {[%clk 0:02:11]} Nf5 {[%clk 0:01:32]} 15. Rfe1
{[%clk 0:02:08]} d5 {[%clk 0:01:30]} 16. Rad1 {[%clk 0:02:04]} b6
{[%clk 0:01:27]} 17. Qb4 {[%clk 0:01:46]} Bd7 {[%clk 0:01:22]} 18. Ne5
{[%clk 0:01:45]} Rc8 {[%clk 0:01:05]} 19. h3 {[%clk 0:01:40]} a5 {[%clk 0:01:06]}
20. Qb3 {[%clk 0:01:37]} Be8 {[%clk 0:01:07]} 21. Ne2 {[%clk 0:01:29]} Qd6
{[%clk 0:00:52]} 22. Nf4 {[%clk 0:01:28]} Kg8 {[%clk 0:00:26]} 23. a3
{[%clk 0:01:25]} b5 {[%clk 0:00:27]} 24. Qd3 {[%clk 0:01:21]} b4 {[%clk 0:00:19]}
25. axb4 {[%clk 0:01:21]} axb4 {[%clk 0:00:20]} 26. Ra1 {[%clk 0:01:20]} Rc7
{[%clk 0:00:18]} 27. Ra6 {[%clk 0:01:18]} Qe7 {[%clk 0:00:06]} 28. Nxe6
{[%clk 0:01:15]} Nd6 {[%clk 0:00:05]} 29. Nxc7 {[%clk 0:01:12]} Qxc7
{[%clk 0:00:06]} 30. Qb3 {[%clk 0:01:04]} Nc4 {[%clk 0:00:06]} 31. Nxc4
{[%clk 0:01:00]} dxc4 {[%clk 0:00:08]} 32. Qxb4 {[%clk 0:00:59]} Bf7
{[%clk 0:00:08]} 33. Qc5 {[%clk 0:00:55]} Qb8 {[%clk 0:00:08]} 34. Rb6
{[%clk 0:00:54]} Qd8 {[%clk 0:00:09]} 35. Rb7 {[%clk 0:00:51]} Re8
{[%clk 0:00:10]} 36. Rxe8+ {[%clk 0:00:51]} Qxe8 {[%clk 0:00:11]} 37. Qe5
{[%clk 0:00:50]} Qc8 {[%clk 0:00:10]} 38. Rb8 {[%clk 0:00:50]} 1-0

[Event "Russian Blitz Team Championship (w)"]
[Site "Sochi"]
[Date "2022.10.17"]
[Round "2.6"]
[White "Kharashuta, Ekaterina"]
[Black "Girya, Olga"]
[Result "0-1"]
[BlackElo "2298"]
[WhiteElo "2225"]
[LiveChessVersion "1.4.8"]

1. Nf3 {[%clk 0:03:03]} d5 {[%clk 0:03:02]} 2. g3 {[%clk 0:03:04]} c6
{[%clk 0:03:03]} 3. Bg2 {[%clk 0:03:05]} Bg4 {[%clk 0:03:04]} 4. h3
{[%clk 0:03:02]} Bxf3 {[%clk 0:03:02]} 5. Bxf3 {[%clk 0:03:02]} e5
{[%clk 0:03:02]} 6. d3 {[%clk 0:03:02]} Nf6 {[%clk 0:03:03]} 7. Nd2
{[%clk 0:02:53]} Bc5 {[%clk 0:03:01]} 8. O-O {[%clk 0:02:45]} O-O
{[%clk 0:03:01]} 9. e4 {[%clk 0:02:44]} Re8 {[%clk 0:02:59]} 10. Qe2
{[%clk 0:02:41]} Nbd7 {[%clk 0:02:52]} 11. c3 {[%clk 0:02:34]} a5
{[%clk 0:02:52]} 12. a4 {[%clk 0:02:34]} Qc7 {[%clk 0:02:51]} 13. Nb3
{[%clk 0:02:34]} Bb6 {[%clk 0:02:42]} 14. Be3 {[%clk 0:02:34]} Bxe3
{[%clk 0:02:39]} 15. Qxe3 {[%clk 0:02:35]} dxe4 {[%clk 0:02:25]} 16. dxe4
{[%clk 0:02:36]} Qb6 {[%clk 0:02:26]} 17. Qxb6 {[%clk 0:02:31]} Nxb6
{[%clk 0:02:27]} 18. Nc5 {[%clk 0:02:31]} Re7 {[%clk 0:02:16]} 19. b4
{[%clk 0:02:32]} Nc4 {[%clk 0:02:10]} 20. Ra2 {[%clk 0:02:13]} b6
{[%clk 0:02:04]} 21. Nb3 {[%clk 0:02:14]} Rd7 {[%clk 0:02:03]} 22. Be2
{[%clk 0:02:12]} Nd6 {[%clk 0:01:56]} 23. f3 {[%clk 0:02:13]} Nb7
{[%clk 0:01:53]} 24. Kf2 {[%clk 0:02:11]} Kf8 {[%clk 0:01:54]} 25. Rd1
{[%clk 0:02:10]} Rxd1 {[%clk 0:01:47]} 26. Bxd1 {[%clk 0:02:11]} Ne8
{[%clk 0:01:44]} 27. Ke3 {[%clk 0:02:06]} Ned6 {[%clk 0:01:35]} 28. Be2
{[%clk 0:02:07]} Ke7 {[%clk 0:01:36]} 29. f4 {[%clk 0:02:01]} f6 {[%clk 0:01:37]}
30. h4 {[%clk 0:01:57]} h6 {[%clk 0:01:36]} 31. h5 {[%clk 0:01:55]} Ra7
{[%clk 0:01:33]} 32. fxe5 {[%clk 0:01:41]} fxe5 {[%clk 0:01:34]} 33. Nd2
{[%clk 0:01:40]} axb4 {[%clk 0:01:26]} 34. cxb4 {[%clk 0:01:41]} c5
{[%clk 0:01:27]} 35. b5 {[%clk 0:01:36]} Nd8 {[%clk 0:01:16]} 36. Nc4
{[%clk 0:01:35]} Nxc4+ {[%clk 0:01:07]} 37. Bxc4 {[%clk 0:01:36]} Nb7
{[%clk 0:01:08]} 38. Bd5 {[%clk 0:01:31]} Nd6 {[%clk 0:01:09]} 39. Ra1
{[%clk 0:01:06]} Nxb5 {[%clk 0:01:04]} 40. Rb1 {[%clk 0:01:01]} Nd6
{[%clk 0:01:02]} 41. Rxb6 {[%clk 0:00:58]} Rxa4 {[%clk 0:01:03]} 42. Rb8
{[%clk 0:00:53]} Ra3+ {[%clk 0:01:03]} 43. Kf2 {[%clk 0:00:54]} Ra7
{[%clk 0:00:19]} 44. Rg8 {[%clk 0:00:50]} Kf6 {[%clk 0:00:20]} 45. Rd8
{[%clk 0:00:51]} Ra6 {[%clk 0:00:12]} 46. Kf3 {[%clk 0:00:48]} Rb6
{[%clk 0:00:11]} 47. Kf2 {[%clk 0:00:49]} Rb2+ {[%clk 0:00:09]} 48. Kf3
{[%clk 0:00:50]} Rb6 {[%clk 0:00:10]} 49. Kf2 {[%clk 0:00:51]} Nb5
{[%clk 0:00:10]} 50. Rf8+ {[%clk 0:00:49]} Kg5 {[%clk 0:00:06]} 51. Rf5+
{[%clk 0:00:50]} Kg4 {[%clk 0:00:08]} 52. Rxe5 {[%clk 0:00:49]} Rf6+
{[%clk 0:00:07]} 53. Ke1 {[%clk 0:00:48]} Nd4 {[%clk 0:00:07]} 54. Re7
{[%clk 0:00:50]} Nf3+ {[%clk 0:00:05]} 55. Kd1 {[%clk 0:00:49]} Kxg3
{[%clk 0:00:06]} 56. Rxg7+ {[%clk 0:00:50]} Kf4 {[%clk 0:00:07]} 57. Rg6
{[%clk 0:00:49]} Ke5 {[%clk 0:00:07]} 58. Rxf6 Kxf6 {[%clk 0:00:08]} 59. e5+
{[%clk 0:00:48]} Nxe5 {[%clk 0:00:08]} 60. Kd2 {[%clk 0:00:47]} Kg5
{[%clk 0:00:09]} 61. Kc3 {[%clk 0:00:46]} Kxh5 {[%clk 0:00:10]} 62. Bh1
{[%clk 0:00:41]} Kg4 {[%clk 0:00:11]} 63. Kd2 {[%clk 0:00:41]} Kf4
{[%clk 0:00:12]} 64. Bd5 {[%clk 0:00:41]} h5 {[%clk 0:00:13]} 65. Ke2
{[%clk 0:00:41]} h4 {[%clk 0:00:12]} 66. Kf2 {[%clk 0:00:42]} c4 {[%clk 0:00:13]}
67. Kg2 {[%clk 0:00:40]} c3 {[%clk 0:00:14]} 68. Bb3 {[%clk 0:00:39]} Kg5
{[%clk 0:00:06]} 69. Bd1 {[%clk 0:00:34]} Nc6 {[%clk 0:00:07]} 0-1

[Event "Russian Blitz Team Championship (w)"]
[Site "Sochi"]
[Date "2022.10.17"]
[Round "2.7"]
[White "Garifullina, Leya"]
[Black "Zhapova, Yana"]
[Result "1-0"]
[BlackElo "2120"]
[WhiteElo "2267"]
[LiveChessVersion "1.4.8"]

1. e4 {[%clk 0:03:02]} c6 {[%clk 0:03:03]} 2. d4 {[%clk 0:03:03]} d5
{[%clk 0:03:04]} 3. e5 {[%clk 0:03:04]} Bf5 {[%clk 0:03:04]} 4. Nf3
{[%clk 0:03:05]} e6 {[%clk 0:02:59]} 5. Be2 {[%clk 0:03:06]} c5 {[%clk 0:02:56]}
6. O-O {[%clk 0:03:04]} Nc6 {[%clk 0:02:52]} 7. c3 {[%clk 0:03:05]} cxd4
{[%clk 0:02:46]} 8. Nxd4 {[%clk 0:03:05]} Nge7 {[%clk 0:02:39]} 9. Nxf5
{[%clk 0:03:05]} Nxf5 {[%clk 0:02:38]} 10. Bd3 {[%clk 0:03:05]} Be7
{[%clk 0:02:06]} 11. Qe2 {[%clk 0:03:05]} O-O {[%clk 0:02:01]} 12. Nd2
{[%clk 0:03:01]} Qc7 {[%clk 0:01:43]} 13. Nf3 {[%clk 0:02:54]} Rfd8
{[%clk 0:01:37]} 14. Rd1 {[%clk 0:02:25]} a6 {[%clk 0:01:28]} 15. h3
{[%clk 0:02:10]} b5 {[%clk 0:01:18]} 16. Bf4 {[%clk 0:02:08]} Qb7
{[%clk 0:00:40]} 17. g4 {[%clk 0:01:28]} Nh4 {[%clk 0:00:15]} 18. Nxh4
{[%clk 0:01:25]} Bxh4 {[%clk 0:00:15]} 19. g5 {[%clk 0:01:26]} h6
{[%clk 0:00:06]} 20. gxh6 {[%clk 0:01:26]} g6 {[%clk 0:00:03]} 21. Qg4
{[%clk 0:01:19]} Qe7 {[%clk 0:00:04]} 22. Kh1 {[%clk 0:01:03]} Kh7
{[%clk 0:00:04]} 23. Rg1 {[%clk 0:01:02]} Rg8 {[%clk 0:00:04]} 24. Rg2
{[%clk 0:01:02]} b4 {[%clk 0:00:04]} 25. Rag1 {[%clk 0:01:03]} bxc3
{[%clk 0:00:04]} 26. bxc3 {[%clk 0:01:04]} Rab8 {[%clk 0:00:05]} 27. Qh5
{[%clk 0:00:57]} Rb2 {[%clk 0:00:04]} 28. Qf3 {[%clk 0:00:36]} 1-0

[Event "Russian Blitz Team Championship (w)"]
[Site "Sochi"]
[Date "2022.10.17"]
[Round "2.8"]
[White "Loskutova, Viktoriya"]
[Black "Kovanova, Baira"]
[Result "0-1"]
[BlackElo "2217"]
[WhiteElo "2056"]
[LiveChessVersion "1.4.8"]

1. e4 {[%clk 0:03:03]} c5 {[%clk 0:03:03]} 2. Nf3 {[%clk 0:03:04]} e6
{[%clk 0:03:04]} 3. d4 {[%clk 0:03:05]} cxd4 {[%clk 0:03:05]} 4. Nxd4
{[%clk 0:03:06]} a6 {[%clk 0:03:06]} 5. Nc3 {[%clk 0:03:05]} d6 {[%clk 0:03:05]}
6. a3 {[%clk 0:02:59]} Nf6 {[%clk 0:02:52]} 7. Be3 {[%clk 0:02:59]} b5
{[%clk 0:02:52]} 8. g4 {[%clk 0:03:00]} Bb7 {[%clk 0:02:51]} 9. Bg2
{[%clk 0:03:01]} Qc7 {[%clk 0:02:45]} 10. g5 {[%clk 0:03:00]} Nfd7
{[%clk 0:02:45]} 11. f4 {[%clk 0:02:14]} Nc6 {[%clk 0:02:30]} 12. Qe2
{[%clk 0:01:52]} Be7 {[%clk 0:02:11]} 13. O-O-O {[%clk 0:01:32]} Na5
{[%clk 0:01:45]} 14. Kb1 {[%clk 0:01:07]} Nc4 {[%clk 0:01:44]} 15. Bd2
{[%clk 0:00:55]} Rc8 {[%clk 0:01:23]} 16. h4 {[%clk 0:00:43]} Ndb6
{[%clk 0:01:15]} 17. Be1 {[%clk 0:00:36]} Na4 {[%clk 0:00:48]} 18. Nxa4
{[%clk 0:00:26]} bxa4 {[%clk 0:00:49]} 19. Ka1 {[%clk 0:00:19]} Qb6
{[%clk 0:00:46]} 20. c3 {[%clk 0:00:17]} Na5 {[%clk 0:00:39]} 21. Nc2
{[%clk 0:00:15]} Nb3+ {[%clk 0:00:36]} 22. Kb1 {[%clk 0:00:16]} Na5
{[%clk 0:00:25]} 23. Ka1 {[%clk 0:00:15]} Nb3+ {[%clk 0:00:22]} 24. Kb1
{[%clk 0:00:16]} Na5 {[%clk 0:00:19]} 25. Ka1 {[%clk 0:00:12]} Nc4
{[%clk 0:00:20]} 26. Nb4 {[%clk 0:00:10]} a5 {[%clk 0:00:20]} 27. Nd3
{[%clk 0:00:11]} Ba6 {[%clk 0:00:20]} 28. Qc2 {[%clk 0:00:12]} O-O
{[%clk 0:00:13]} 29. Qxa4 {[%clk 0:00:11]} Rb8 {[%clk 0:00:13]} 30. Rb1
{[%clk 0:00:11]} Ne3 {[%clk 0:00:11]} 31. Bf1 {[%clk 0:00:11]} Nxf1
{[%clk 0:00:11]} 32. Rxf1 {[%clk 0:00:11]} Bxd3 {[%clk 0:00:12]} 0-1

[Event "Russian Blitz Team Championship (w)"]
[Site "Sochi"]
[Date "2022.10.17"]
[Round "2.9"]
[White "Nasyrova, Ekaterina"]
[Black "Voit, Daria"]
[Result "0-1"]
[BlackElo "2247"]
[WhiteElo "2075"]
[LiveChessVersion "1.4.8"]

1. d4 {[%clk 0:03:02]} Nf6 {[%clk 0:03:03]} 2. Nf3 {[%clk 0:03:02]} d5
{[%clk 0:03:04]} 3. c4 {[%clk 0:03:03]} e6 {[%clk 0:03:05]} 4. Nc3
{[%clk 0:03:03]} Bb4 {[%clk 0:03:05]} 5. e3 {[%clk 0:03:04]} O-O {[%clk 0:02:56]}
6. Bd2 {[%clk 0:03:04]} b6 {[%clk 0:02:55]} 7. cxd5 {[%clk 0:03:04]} exd5
{[%clk 0:02:55]} 8. Bd3 {[%clk 0:03:04]} Bb7 {[%clk 0:02:53]} 9. O-O
{[%clk 0:03:03]} Bd6 {[%clk 0:02:25]} 10. Qb1 {[%clk 0:03:03]} c5
{[%clk 0:02:20]} 11. e4 {[%clk 0:02:18]} cxd4 {[%clk 0:01:58]} 12. e5
{[%clk 0:02:14]} Bxe5 {[%clk 0:01:15]} 13. Nxe5 {[%clk 0:02:10]} dxc3
{[%clk 0:01:16]} 14. Bg5 {[%clk 0:00:33]} h6 {[%clk 0:01:16]} 15. Bh4
{[%clk 0:00:33]} g5 {[%clk 0:00:49]} 16. Bg3 {[%clk 0:00:32]} Ne4
{[%clk 0:00:48]} 17. bxc3 {[%clk 0:00:21]} Qf6 {[%clk 0:00:30]} 18. c4
{[%clk 0:00:17]} Nxg3 {[%clk 0:00:29]} 19. Ng4 {[%clk 0:00:11]} Qe6
{[%clk 0:00:27]} 20. Nxh6+ {[%clk 0:00:06]} Qxh6 {[%clk 0:00:27]} 21. fxg3
{[%clk 0:00:07]} dxc4 {[%clk 0:00:26]} 22. Bxc4 {[%clk 0:00:08]} Nd7
{[%clk 0:00:26]} 23. Qf5 {[%clk 0:00:06]} Rad8 {[%clk 0:00:17]} 24. Bxf7+
{[%clk 0:00:04]} Kg7 {[%clk 0:00:17]} 25. Rae1 {[%clk 0:00:04]} Nf6
{[%clk 0:00:17]} 26. Be6 {[%clk 0:00:03]} Rd2 {[%clk 0:00:14]} 27. Rf2
{[%clk 0:00:03]} Rxf2 {[%clk 0:00:15]} 28. Qxf2 {[%clk 0:00:05]} Qg6
{[%clk 0:00:14]} 29. Qd4 {[%clk 0:00:06]} Qe8 {[%clk 0:00:12]} 30. Re3
{[%clk 0:00:04]} Qc6 {[%clk 0:00:13]} 31. Bh3 {[%clk 0:00:03]} Qc1+
{[%clk 0:00:13]} 32. Kf2 {[%clk 0:00:04]} Qc2+ {[%clk 0:00:12]} 33. Re2
{[%clk 0:00:05]} Qc5 {[%clk 0:00:13]} 34. Qxc5 {[%clk 0:00:05]} bxc5
{[%clk 0:00:14]} 35. Re7+ {[%clk 0:00:05]} Rf7 {[%clk 0:00:16]} 36. Re5
{[%clk 0:00:05]} Ng4+ {[%clk 0:00:17]} 0-1

[Event "Russian Blitz Team Championship (w)"]
[Site "Sochi"]
[Date "2022.10.17"]
[Round "2.10"]
[White "Bivol, Alina"]
[Black "Shafigullina, Zarina"]
[Result "1-0"]
[BlackElo "2143"]
[WhiteElo "2264"]
[LiveChessVersion "1.4.8"]

1. e4 {[%clk 0:03:02]} c5 {[%clk 0:03:04]} 2. Nf3 {[%clk 0:03:03]} d6
{[%clk 0:03:04]} 3. Bb5+ {[%clk 0:03:00]} Bd7 {[%clk 0:03:05]} 4. Bxd7+
{[%clk 0:03:00]} Nxd7 {[%clk 0:03:06]} 5. O-O {[%clk 0:02:52]} Ngf6
{[%clk 0:03:07]} 6. Re1 {[%clk 0:02:46]} Qc7 {[%clk 0:02:49]} 7. c3
{[%clk 0:02:47]} e5 {[%clk 0:02:50]} 8. d4 {[%clk 0:02:42]} g6 {[%clk 0:02:42]}
9. Na3 {[%clk 0:02:40]} Bg7 {[%clk 0:02:29]} 10. dxe5 {[%clk 0:02:29]} dxe5
{[%clk 0:02:25]} 11. Bg5 {[%clk 0:01:58]} O-O {[%clk 0:02:16]} 12. Qb3
{[%clk 0:01:59]} a6 {[%clk 0:02:09]} 13. Rad1 {[%clk 0:01:55]} b5
{[%clk 0:02:06]} 14. c4 {[%clk 0:01:52]} b4 {[%clk 0:01:44]} 15. Nc2
{[%clk 0:01:53]} a5 {[%clk 0:01:07]} 16. Ne3 {[%clk 0:01:51]} a4 {[%clk 0:01:01]}
17. Qd3 {[%clk 0:01:27]} Nb6 {[%clk 0:00:55]} 18. Bxf6 {[%clk 0:01:24]} Bxf6
{[%clk 0:00:56]} 19. Qd6 {[%clk 0:01:25]} Bd8 {[%clk 0:00:15]} 20. Qxc7
{[%clk 0:01:25]} Bxc7 21. Nd5 Nxd5 {[%clk 0:00:05]} 22. Rxd5 {[%clk 0:01:28]} b3
{[%clk 0:00:04]} 23. axb3 {[%clk 0:01:13]} axb3 {[%clk 0:00:05]} 24. Rxc5
{[%clk 0:01:14]} Bb6 {[%clk 0:00:04]} 25. Rb5 {[%clk 0:01:15]} Bd4
{[%clk 0:00:04]} 26. Rxb3 {[%clk 0:00:58]} Ra4 {[%clk 0:00:05]} 27. Nxd4
{[%clk 0:00:38]} exd4 {[%clk 0:00:05]} 28. Rc1 {[%clk 0:00:40]} Rc8
{[%clk 0:00:06]} 29. g3 {[%clk 0:00:28]} Raxc4 {[%clk 0:00:07]} 30. Rxc4
{[%clk 0:00:29]} Rxc4 {[%clk 0:00:08]} 31. Kg2 {[%clk 0:00:27]} Rc2
{[%clk 0:00:05]} 32. Rd3 {[%clk 0:00:24]} Rxb2 {[%clk 0:00:06]} 33. Rxd4
{[%clk 0:00:26]} Kg7 {[%clk 0:00:07]} 34. h4 {[%clk 0:00:27]} h5 {[%clk 0:00:08]}
35. Rd6 {[%clk 0:00:26]} Rb3 {[%clk 0:00:05]} 36. Rc6 {[%clk 0:00:22]} Ra3
{[%clk 0:00:06]} 37. e5 {[%clk 0:00:21]} Ra5 {[%clk 0:00:04]} 38. f4
{[%clk 0:00:22]} Ra2+ {[%clk 0:00:05]} 39. Kf3 {[%clk 0:00:23]} Ra3+
{[%clk 0:00:06]} 40. Kg2 {[%clk 0:00:21]} Ra2+ {[%clk 0:00:07]} 41. Kh3
{[%clk 0:00:22]} Re2 {[%clk 0:00:07]} 42. Rc7 {[%clk 0:00:23]} Re1
{[%clk 0:00:08]} 43. Kg2 {[%clk 0:00:24]} Kg8 {[%clk 0:00:06]} 44. Kf3
{[%clk 0:00:18]} Rf1+ {[%clk 0:00:04]} 45. Ke4 {[%clk 0:00:19]} Rg1
{[%clk 0:00:04]} 46. Rc3 {[%clk 0:00:14]} Rd1 {[%clk 0:00:04]} 47. Rd3
{[%clk 0:00:15]} Ra1 {[%clk 0:00:04]} 48. e6 {[%clk 0:00:11]} fxe6
{[%clk 0:00:04]} 49. Ke5 {[%clk 0:00:13]} Kf7 {[%clk 0:00:04]} 50. Rd7+
{[%clk 0:00:14]} Ke8 {[%clk 0:00:06]} 51. Rg7 {[%clk 0:00:15]} Ra5+
{[%clk 0:00:04]} 52. Kxe6 {[%clk 0:00:15]} Kf8 {[%clk 0:00:03]} 53. Rxg6
{[%clk 0:00:15]} Ra6+ {[%clk 0:00:04]} 54. Kf5 {[%clk 0:00:16]} Ra5+
{[%clk 0:00:05]} 55. Ke4 {[%clk 0:00:17]} Kf7 {[%clk 0:00:07]} 56. Rd6
{[%clk 0:00:17]} Ke7 {[%clk 0:00:06]} 57. Rd5 {[%clk 0:00:17]} Ra3
{[%clk 0:00:07]} 58. Rg5 {[%clk 0:00:18]} Kf6 {[%clk 0:00:07]} 59. Rxh5
{[%clk 0:00:13]} Rxg3 {[%clk 0:00:08]} 60. Ra5 {[%clk 0:00:14]} Rh3
{[%clk 0:00:06]} 61. h5 {[%clk 0:00:14]} Rh1 {[%clk 0:00:07]} 62. Ra6+
{[%clk 0:00:13]} Kf7 {[%clk 0:00:03]} 63. h6 {[%clk 0:00:14]} Rh5
{[%clk 0:00:04]} 64. h7 {[%clk 0:00:10]} Rh1 {[%clk 0:00:04]} 65. Ra8
{[%clk 0:00:10]} Rxh7 {[%clk 0:00:03]} 66. Ra7+ {[%clk 0:00:11]} Kg8
{[%clk 0:00:05]} 67. Rxh7 {[%clk 0:00:10]} Kxh7 {[%clk 0:00:06]} 68. Ke5
{[%clk 0:00:11]} Kg6 {[%clk 0:00:04]} 69. Ke6 {[%clk 0:00:13]} Kg7
{[%clk 0:00:05]} 70. f5 {[%clk 0:00:14]} 1-0